Southville International School and Colleges
Your cart is empty.
  • Cart
  • Lists
    Public lists list_1 View all
    Your lists Log in to create your own lists
  • Log in to your account
  • Your cookies
  • Search history
Southville International School and Colleges
  • Advanced search
  • Recent comments
  • Most popular
  • Libraries

Log in to your account

Log in with GOOGLE


If you do not have an external account, but do have a local account, you can still log in:

  1. Home
  2. MARC view: Madyik banig (magic mat) :
Normal view MARC view ISBD view

Madyik banig (magic mat) : (Record no. 103708)

[ view plain ]
MARC details
000 -LEADER
fixed length control field 00539nam a2200169 a 4500
005 - DATE AND TIME OF LATEST TRANSACTION
control field 20140412111306.0
008 - FIXED-LENGTH DATA ELEMENTS--GENERAL INFORMATION
fixed length control field 010131s19uu xx 00 eng d
020 ## - INTERNATIONAL STANDARD BOOK NUMBER
International Standard Book Number 971-508-006-5
050 ## - LIBRARY OF CONGRESS CALL NUMBER
Classification number Fil E
Item number Ma26 1994
100 ## - MAIN ENTRY--PERSONAL NAME
Personal name Almario, Virgilio S.
245 ## - TITLE STATEMENT
Title Madyik banig (magic mat) :
Remainder of title story by Virgilio S. Almario : illustrate by Joanne de Leon.
260 ## - PUBLICATION, DISTRIBUTION, ETC. (IMPRINT)
Place of publication, distribution, etc Manila, Philippines :
Name of publisher, distributor, etc Adarna Books Services,
Date of publication, distribution, etc 1994.
300 ## - PHYSICAL DESCRIPTION
Extent 1 v. (unp.) ; ill.
650 ## - SUBJECT ADDED ENTRY--TOPICAL TERM
Topical term or geographic name as entry element Magic -- Fiction
650 ## - SUBJECT ADDED ENTRY--TOPICAL TERM
Topical term or geographic name as entry element Filipino -- Fiction
Holdings
Withdrawn status Lost status Damaged status Use restrictions Home library Current library Shelving location Date acquired Source of acquisition Total Checkouts Full call number Barcode Date last seen Price effective from Koha item type
        Elizalde Library Elizalde Library Filipiniana Section 05/03/2001     Fil E Ma26 1994 E5755 04/12/2014 04/12/2014 Books

Madyik banig (magic mat) :

APA

Almario V. S., . (1994). Madyik banig (magic mat). Manila, Philippines: Adarna Books Services.

Chicago

Almario Virgilio S, . 1994. Madyik banig (magic mat). Manila, Philippines: Adarna Books Services.

Harvard

Almario V. S., . (1994). Madyik banig (magic mat). Manila, Philippines: Adarna Books Services.

MLA

Almario Virgilio S, . Madyik banig (magic mat). Manila, Philippines: Adarna Books Services. 1994.

  • Place hold
  • Print
  • Cite
  • Add to your cart (remove)
  • Save record
    BIBTEX Dublin Core MARCXML MARC (non-Unicode/MARC-8) MARC (Unicode/UTF-8) MARC (Unicode/UTF-8, Standard) MODS (XML) RIS
  • More searches
    Search for this title in:
    Other Libraries (WorldCat) Other Databases (Google Scholar) Online Stores (Bookfinder.com) Open Library (openlibrary.org)

Exporting to Dublin Core...

SOUTHVILLE LIBRARY

Southville International School and Colleges Library

1281 Tropical Ave. Cor. Luxembourg St., BF Homes International, Las Pinas City

Tel. No. 8256374 / 252358 Loc. 117/146

Powered by Koha